| 000 | 00584nam a22002177a 4500 | ||
|---|---|---|---|
| 003 | dpl | ||
| 005 | 20180614175629.0 | ||
| 008 | 180614b xxu||||| |||| 00| 0 eng d | ||
| 010 | _aB-121929 | ||
| 020 | _c0.00 | ||
| 035 | _aB-121929 | ||
| 037 | _bBPPD / PUB | ||
| 040 | _c0 | ||
| 082 | 1 | 4 | _a380.2854 |
| 100 | _aPankaj, S. | ||
| 245 | 1 |
_aE-commerce/ _cby S. Pankaj |
|
| 260 |
_aDelhi _bAPH Publishing _c2005 |
||
| 270 |
_a5, Ansari Road Daryaganj _bDelhi _e110 002 |
||
| 300 |
_av, 362p. _c22 cm (Hb) |
||
| 942 |
_adpl _cEN _k380.2854 / PAN _2ddc _h380.2854 _mPAN |
||
| 999 |
_c152721 _d152721 |
||